| 000 | 00600nam a2200229Ia 4500 | ||
|---|---|---|---|
| 003 | OSt | ||
| 005 | 20221005130707.0 | ||
| 006 | a|||||r|||| 00| 0 | ||
| 007 | ta | ||
| 008 | 221004b |||||||| |||| 00| 0 mal d | ||
| 024 | _a54772 | ||
| 037 | _cTextual | ||
| 040 |
_aCRL _cCRL _bmal |
||
| 041 |
_2mal _amal |
||
| 082 | _aO32,1N01,18, F3.1-.4 | ||
| 100 |
_aKurup G.Sakara _9638503 |
||
| 245 | 0 | _aSahityakauthukam | |
| 260 | _c1923 | ||
| 650 |
_aMALAYALAM POETRY _9185636 |
||
| 942 |
_hO32,1N01,18, F3.1-.4 _cTEXL _2cc |
||
| 999 |
_c1058082 _d1058082 |
||